00405nam a2200169Ia 4500003000900000005001700009008004100026040001300067040001300080100002400093245005800117250001200175260001200187300000800199490000600207600002200213IT-RoPAU20220918175415.0120407s9999 xx 000 0 und d aIT-RoPAU cIT-RoPAU aBenedetto Colarossi aL'italiano e lo spagnolo - Grammatica teorico-pratica aTorino  aParavia c cm v2 auna copia a parte